01157nam a2200301Ia 4500001001200000003000800012006001900020007001500039008004100054010001700095020001500112020002800127040002100155035002000176050002200196100002000218245008100238260004800319300001500367504004900382533015200431650005700583650002600640655002900666710001700695856012600712999001700838ebr10086842CaPaEBRm u cr cn|||||||||861103s1986 nyu sb 001 0 eng d z 85028436  z0195060725 z0195040198 (alk. paper) aCaPaEBRcCaPaEBR a(OCoLC)8414545714aPR590b.C8 1986eb1 aCurran, Stuart.10aPoetic form and British romanticismh[electronic resource] /cStuart Curran. aNew York :bOxford University Press,c1986. aix, 265 p. aIncludes bibliography: p. 221-251 and index. aElectronic reproduction.bPalo Alto, Calif. :cebrary,d2009.nAvailable via World Wide Web.nAccess may be limited to ebrary affiliated libraries. 0aEnglish poetryy19th centuryxHistory and criticism. 0aRomanticismzEngland. 7aElectronic books.2local2 aebrary, Inc.40uhttp://site.ebrary.com/lib/rucke/Doc?id=10086842zAn electronic book accessible through the World Wide Web; click to view c68201d68201